Con đường mây trắng

Gespeichert in:
Bibliographische Detailangaben
1. Verfasser: ANAGARIKA GOVINDA
Format: Buch
Sprache:Undetermined
Veröffentlicht: Trẻ 2001
Tags: Tag hinzufügen
Keine Tags, Fügen Sie den ersten Tag hinzu!
Thư viện lưu trữ: Trung tâm Học liệu Trường Đại học Cần Thơ
LEADER 00419nam a2200145Ia 4500
001 CTU_48303
008 210402s9999 xx 000 0 und d
082 |a 833.92 
082 |b G721 
100 |a ANAGARIKA GOVINDA 
245 0 |a Con đường mây trắng 
245 0 |c ANAGARIKA GOVINDA, Nguyễn Tường Bách 
260 |b Trẻ 
260 |c 2001 
980 |a Trung tâm Học liệu Trường Đại học Cần Thơ